[Event "Quebec op U2000"]
[Site "Longueuil"]
[Date "2018.07.28"]
[Round "9.36"]
[White "Kay, Sang Kill"]
[Black "Sharpe, Michael D"]
[Result "0-1"]
[WhiteElo "1687"]
[BlackElo "1653"]
[PlyCount "146"]
[EventDate "2018.07.21"]
[EventType "swiss"]
[EventRounds "9"]
[EventCountry "CAN"]
[SourceTitle "EXT 2022"]
[Source "ChessBase"]
[SourceDate "2021.10.06"]
[SourceVersion "1"]
[SourceVersionDate "2021.10.06"]
[SourceQuality "1"]

1. e4 c5 2. Nf3 d6 3. d4 cxd4 4. Nxd4 Nf6 5. Bg5 Qa5+ 6. Bd2 Qe5 7. Be3 Nxe4 8. Nd2 Nf6 9. Bb5+ Bd7 10. Qf3 Qd5 11. Bc4 Qxf3 12. N2xf3 a6 13. Ng5 e6 14. 0-0-0 h6 15. Ngxe6 fxe6 16. Nxe6 Bxe6 17. Bxe6 Be7 18. Rhe1 Nbd7 19. Bf4 0-0-0 20. Bf5 Bf8 21. Rd3 Kb8 22. f3 Nb6 23. Rb3 Nbd5 24. Bg3 Re8 25. Rd1 Ne3 26. Bd3 Nxd1 27. Bxa6 Kc7 28. Rxb7+ Kc6 29. Rb3 Re3 30. Bd3 Be7 31. Kxd1 Rxd3+ 32. Rxd3 Ra8 33. a3 Nd7 34. Rc3+ Kb7 35. Re3 Bf8 36. c4 Nb6 37. Re4 Rc8 38. b3 d5 39. cxd5 Nxd5 40. a4 Nc3+ 41. Kd2 Nxe4+ 42. fxe4 Ka6 43. Kd3 Rd8+ 44. Kc3 Bd6 45. e5 Bc7 46. b4 Kb7 47. Kc4 Kc6 48. a5 Rd5 49. a6 Bb6 50. e6 Rd4+ 51. Kc3 Re4 52. Bb8 Rxe6 53. b5+ Kxb5 54. a7 Bxa7 55. Bxa7 Re2 56. Kd3 Rxg2 57. Bb8 Rg4 58. Ke3 Kc6 59. Kf3 Ra4 60. Be5 g6 61. Bf4 g5 62. Bg3 Kd5 63. Bc7 Ke6 64. Bb8 Kf5 65. Bg3 h5 66. Bd6 Rd4 67. Bc7 Rd3+ 68. Kg2 Kg4 69. Bb8 Rd2+ 70. Kf1 Kf3 71. Bg3 h4 72. Be1 Rd1 73. h3 Ra1 0-1

[Event "Montreal CMA Futurity ABCD"]
[Site "Montreal"]
[Date "2017.04.15"]
[Round "3"]
[White "Kay, Sang Kill"]
[Black "Zheng, Richard"]
[Result "0-1"]
[WhiteElo "1623"]
[BlackElo "1870"]
[PlyCount "96"]
[EventDate "2017.04.14"]
[EventType "swiss"]
[EventRounds "5"]
[EventCountry "CAN"]
[SourceTitle "EXT 2022"]
[Source "ChessBase"]
[SourceDate "2021.10.06"]
[SourceVersion "1"]
[SourceVersionDate "2021.10.06"]
[SourceQuality "1"]

1. e4 e5 2. Nf3 Nc6 3. Bb5 Nf6 4. 0-0 d6 5. d4 exd4 6. Bxc6+ bxc6 7. Qxd4 c5 8. Qc4 Be6 9. Qa4+ Bd7 10. Qc4 Be7 11. e5 Ng4 12. Re1 0-0 13. Nc3 Be6 14. Qe2 Bh4 15. Ne4 Bd5 16. Bg5 Bxg5 17. Nfxg5 Nxe5 18. Nxh7 Bxe4 19. Nxf8 Bb7 20. f4 Nc6 21. Ne6 fxe6 22. Qxe6+ Kf8 23. Qf5+ Qf6 24. Qd7 Qf7 25. Qh3 Nd4 26. Qh8+ Qg8 27. Qh4 Qd5 28. Qf2 Kg8 29. Re7 Rf8 30. Qg3 Nf5 31. Rxg7+ Nxg7 32. Qb3 Rxf4 33. Qxd5+ Bxd5 34. b3 c4 35. b4 c3 36. a3 Rd4 37. Kf2 Rd2+ 38. Ke3 Nf5+ 39. Kf4 Nd4 40. Re1 Kf7 41. g4 Rxc2 42. h4 Rf2+ 43. Kg3 Rf3+ 44. Kh2 c2 45. h5 Rd3 46. Rf1+ Nf3+ 47. Kg3 Rd1 48. Rf2 c1Q 0-1

[Event "Montreal Pere Noel U1800"]
[Site "Montreal"]
[Date "2016.12.27"]
[Round "2.3"]
[White "Kay, Sang Kill"]
[Black "Zheng, Richard"]
[Result "0-1"]
[WhiteElo "1565"]
[BlackElo "1758"]
[PlyCount "124"]
[EventDate "2016.12.26"]
[EventType "swiss"]
[EventRounds "5"]
[EventCountry "CAN"]
[SourceTitle "EXT 2022"]
[Source "ChessBase"]
[SourceDate "2021.10.06"]
[SourceVersion "1"]
[SourceVersionDate "2021.10.06"]
[SourceQuality "1"]

1. d4 d5 2. Nf3 Nf6 3. Bf4 Bf5 4. e3 e6 5. c4 Bxb1 6. Rxb1 Bb4+ 7. Nd2 Ne4 8. Qa4+ Nc6 9. Rd1 Nxd2 10. Rxd2 Bxd2+ 11. Kxd2 0-0 12. Bd3 dxc4 13. Qxc4 Rc8 14. h4 Qd5 15. Qc2 Qa5+ 16. Ke2 Qh5+ 17. f3 Nb4 18. Qd2 Nxd3 19. Kxd3 Qb5+ 20. Kc2 c5 21. d5 Qc4+ 22. Kb1 Qxd5 23. Qc2 Rfd8 24. e4 Qd3 25. h5 f6 26. e5 Qxc2+ 27. Kxc2 fxe5 28. Bxe5 Rd5 29. Re1 Rcd8 30. g4 Rd2+ 31. Kc1 Kf7 32. a3 Rg2 33. Re3 Rdd2 34. Kb1 Rde2 35. Rb3 Rxe5 36. Rxb7+ Kf6 37. Rxa7 Re1+ 38. Ka2 Ree2 39. Kb3 Rxb2+ 40. Kc4 Rg3 41. Kxc5 Rxf3 42. a4 Rg3 43. a5 Rxg4 44. a6 Ra4 45. Ra8 Rba2 46. Kb6 Rxa6+ 47. Rxa6 Rxa6+ 48. Kxa6 Kg5 49. Kb5 Kxh5 50. Kc5 Kg5 51. Kd4 Kf4 52. Kd3 g5 53. Ke2 g4 54. Kf2 h5 55. Kg2 h4 56. Kf2 h3 57. Kg1 Kg3 58. Kh1 Kf2 59. Kh2 g3+ 60. Kxh3 g2 61. Kg4 g1Q+ 62. Kf4 Qg3+ 0-1

[Event "Quebec op U2000"]
[Site "Montreal"]
[Date "2016.07.28"]
[Round "7.20"]
[White "Kay, Sang Kill"]
[Black "Dubreuil, Raymond"]
[Result "1-0"]
[WhiteElo "1574"]
[BlackElo "1637"]
[PlyCount "89"]
[EventDate "2016.07.23"]
[EventType "swiss"]
[EventRounds "8"]
[EventCountry "CAN"]
[SourceTitle "EXT 2022"]
[Source "ChessBase"]
[SourceDate "2021.10.06"]
[SourceVersion "1"]
[SourceVersionDate "2021.10.06"]
[SourceQuality "1"]

1. e4 c5 2. Nf3 e6 3. d4 cxd4 4. Nxd4 Nf6 5. Nc3 d6 6. Bg5 Be7 7. Bd3 Nc6 8. Nxc6 bxc6 9. 0-0 0-0 10. Kh1 e5 11. f4 Ng4 12. Bxe7 Qxe7 13. Qe1 exf4 14. Rxf4 Qe5 15. Qg3 g5 16. Rxg4 Bxg4 17. Qxg4 h6 18. Rf1 Rab8 19. Nd1 Kg7 20. Qd7 Qc5 21. Rf5 Qb4 22. Qxc6 Qe1+ 23. Rf1 Qb4 24. a3 Qd4 25. Qd7 Rbd8 26. Qf5 Qe5 27. Qf2 Rd7 28. Ne3 f6 29. Nc4 Qc5 30. Ne3 Qe5 31. Qf3 Rdf7 32. Nf5+ Kg6 33. Nxd6 Rd7 34. Nc4 Qc5 35. b4 Qe7 36. Ne3 Qe5 37. Be2 Rc7 38. Qh5+ Kh7 39. Ng4 Qe7 40. Qxh6+ Kg8 41. Nxf6+ Rxf6 42. Rxf6 Qd8 43. Rg6+ Kf7 44. Qh7+ Kf8 45. Rg8# 1-0

[Event "Quebec op U2000"]
[Site "Montreal"]
[Date "2016.07.24"]
[Round "3.16"]
[White "Zhong, Wenxuan"]
[Black "Kay, Sang Kill"]
[Result "1-0"]
[WhiteElo "1821"]
[BlackElo "1574"]
[PlyCount "169"]
[EventDate "2016.07.23"]
[EventType "swiss"]
[EventRounds "8"]
[EventCountry "CAN"]
[SourceTitle "EXT 2022"]
[Source "ChessBase"]
[SourceDate "2021.10.06"]
[SourceVersion "1"]
[SourceVersionDate "2021.10.06"]
[SourceQuality "1"]

1. e4 e5 2. Nf3 Nc6 3. Bc4 Nf6 4. d3 Bc5 5. c3 h6 6. 0-0 d6 7. Bb3 Be6 8. Bc2 Ng4 9. d4 exd4 10. cxd4 Nxd4 11. Nxd4 Qh4 12. Bf4 Bc4 13. Bg3 Qf6 14. Ne2 Qxb2 15. Nbc3 0-0-0 16. Na4 Qb5 17. Nec3 Qd7 18. Nxc5 dxc5 19. Qxd7+ Rxd7 20. Rfd1 Rhd8 21. h3 Nf6 22. e5 Rxd1+ 23. Bxd1 Ne8 24. Bg4+ Kb8 25. a4 Be6 26. Bf3 c6 27. Rb1 Kc7 28. a5 Rd4 29. Ne4 Rb4 30. Rd1 Rb5 31. Ra1 c4 32. Bf4 Kd7 33. Be3 a6 34. Nc5+ Kc8 35. Nxe6 fxe6 36. Be2 Rxe5 37. Bxc4 Nc7 38. Bb3 Nd5 39. Bd4 Rg5 40. Re1 Kd7 41. g3 g6 42. Kg2 Kd6 43. Bg7 h5 44. Bf8+ Kd7 45. Bc2 Ne7 46. Rb1 Rb5 47. Rxb5 axb5 48. Kf3 Nf5 49. Bxf5 exf5 50. Kf4 Ke6 51. Kg5 Kd5 52. Kxg6 c5 53. Kxf5 b4 54. g4 hxg4 55. hxg4 Kd4 56. g5 b3 57. Bg7+ Kd3 58. g6 c4 59. Ba1 c3 60. g7 b2 61. Bxb2 cxb2 62. g8Q b1Q 63. Qd5+ Kc3+ 64. Kf6 Qb4 65. Qf3+ Kc2 66. Qe2+ Kc1 67. Qe3+ Kc2 68. Qb6 Qe4 69. Qc7+ Kb3 70. f4 Ka4 71. f5 Qh4+ 72. Ke6 Qe4+ 73. Qe5 Qc6+ 74. Ke7 Qc4 75. f6 Qb4+ 76. Ke8 Qb1 77. f7 Qg6 78. Qd5 Kb4 79. Kd7 Qg4+ 80. Kc7 Qg7 81. Kxb7 Qf8 82. a6 Qe7+ 83. Kc6 Ka4 84. Qb5+ Ka3 85. Qc5+ 1-0

[Event "Montreal CC-ch"]
[Site "Montreal"]
[Date "2015.06.14"]
[Round "4"]
[White "Kay, Sang Kill"]
[Black "Boudreau, Daniel"]
[Result "0-1"]
[WhiteElo "1500"]
[BlackElo "2072"]
[PlyCount "84"]
[EventDate "2015.06.12"]
[EventType "swiss"]
[EventRounds "5"]
[EventCountry "CAN"]
[SourceTitle "EXT 2019"]
[Source "ChessBase"]
[SourceDate "2018.10.10"]
[SourceVersion "1"]
[SourceVersionDate "2018.10.10"]
[SourceQuality "1"]

1. d4 Nf6 2. Bg5 Ne4 3. Bf4 d5 4. Nd2 c5 5. c3 cxd4 6. cxd4 e6 7. a3 Nc6 8. e3 Bd6 9. Nxe4 Bxf4 10. Qg4 Bh6 11. Nd2 e5 12. Qh5 exd4 13. exd4 0-0 14. Ne2 Bxd2+ 15. Kxd2 Qa5+ 16. Nc3 Nxd4 17. Bd3 Nb3+ 18. Kd1 g6 19. Qe5 Be6 20. Rb1 Rfe8 21. Kc2 d4 22. Qxa5 Nxa5 23. Ne4 Bb3+ 24. Kd2 Kg7 25. Rbc1 Bd5 26. Nd6 Re6 27. Nb5 Nb3+ 28. Kd1 Nxc1 29. Kxc1 Bxg2 30. Rg1 Be4 31. Nxd4 Bxd3 32. Nxe6+ fxe6 33. Rd1 Rc8+ 34. Kd2 Bf5 35. Ke1 e5 36. Rd5 Kf6 37. Rb5 b6 38. Rb4 h5 39. a4 Rc5 40. Kd2 Bd7 41. Rh4 Bg4 42. h3 Kg5 0-1

[Event "Montreal Pere Noel U1800"]
[Site "Montreal"]
[Date "2012.12.30"]
[Round "5.29"]
[White "Kay, Sang Kill"]
[Black "Yip, William"]
[Result "1-0"]
[WhiteElo "1515"]
[BlackElo "1584"]
[PlyCount "97"]
[EventDate "2012.12.26"]
[EventType "swiss"]
[EventRounds "5"]
[EventCountry "CAN"]
[SourceTitle "EXT 2022"]
[Source "ChessBase"]
[SourceDate "2021.10.06"]
[SourceVersion "1"]
[SourceVersionDate "2021.10.06"]
[SourceQuality "1"]

1. e4 c5 2. Nf3 d6 3. Bc4 Nc6 4. d4 cxd4 5. Nxd4 Nf6 6. Nc3 Qb6 7. Nxc6 bxc6 8. 0-0 e6 9. b3 Be7 10. Bb2 0-0 11. Kh1 Qc7 12. Bd3 a6 13. f4 Bb7 14. Ne2 Nd7 15. Rf3 Bf6 16. c3 e5 17. fxe5 Nxe5 18. Rg3 Nxd3 19. Qxd3 Rad8 20. Nf4 Be5 21. Rf1 d5 22. Bc1 dxe4 23. Qxe4 Rfe8 24. Rh3 g6 25. Nh5 f5 26. Qc4+ Qf7 27. Qxf7+ Kxf7 28. Ng3 Kg8 29. Ne2 Bxh2 30. Bg5 Rd7 31. Nc1 Bc7 32. Rd3 Rxd3 33. Nxd3 Bb6 34. b4 a5 35. Rd1 Bd8 36. Bf4 axb4 37. cxb4 Bf6 38. Nc5 Bc8 39. Rd6 Bc3 40. a3 g5 41. Bh2 Kg7 42. Bg1 Re1 43. Rd8 Be5 44. Rxc8 Bg3 45. Nd3 Rd1 46. Rd8 Bf2 47. Rd7+ Kh6 48. Rd6+ Kh5 49. Nf4+ 1-0